Tratado de Derecho Administrativo (Registro nro. 71000)

Detalles MARC
000 -LEADER
campo de control de longitud fija 00516nam a2200169 i 4500
001 - NÚMERO DE CONTROL
campo de control 71000
003 - IDENTIFICADOR DE NÚMERO DE CONTROL
campo de control ES-MaACL
005 - FECHA Y HORA DE LA ÚLTIMA TRANSACCIÓN
campo de control 20230906171004.0
007 - CAMPO FIJO DE DESCRIPCIÓN FÍSICA--INFORMACIÓN GENERAL
campo de control de longitud fija t|
008 - DATOS DE LONGITUD FIJA--INFORMACIÓN GENERAL
campo de control de longitud fija 040804s1943 sp ||||1| spa d
100 1# - ENTRADA PRINCIPAL--NOMBRE DE PERSONA
Nombre de persona Gascón y Marín, José.
9 (RLIN) 55866
245 10 - MENCIÓN DEL TÍTULO
Título Tratado de Derecho Administrativo
Resto del título : principios y legislación española /
Mención de responsabilidad, etc. por José Gascón y Marín.
250 ## - MENCION DE EDICION
Mención de edición 8ª ed. rev.
260 ## - PUBLICACIÓN, DISTRIBUCIÓN, ETC.
Lugar de publicación, distribución, etc. Madrid :
Nombre del editor, distribuidor, etc. [s.n.,
Fecha de publicación, distribución, etc. 1943] (
Fabricante C. Bermejo)
300 ## - DESCRIPCIÓN FÍSICA
Extensión 2 v. ;
Dimensiones 24 cm.
852 ## - LOCALIZACIÓN
Ubicación ES-MaACL
Número de control de estantería B-10438-39
Existencias
Estatus retirado Estado de pérdida Estado de daño No para préstamo Biblioteca de origen Biblioteca actual Ubicación en estantería Fecha de adquisición Fuente de adquisición Total de préstamos Signatura topográfica completa Código de barras Visto por última vez Precio de reemplazo Tipo de ítem Koha
        Biblioteca del Ateneo de Madrid Biblioteca del Ateneo de Madrid Sala Pardo Bazán 17/01/2008     B-10438-39 1074347 23/02/2023 23/02/2023 Libro impreso